| 000 | 00423nam a2200145Ia 4500 | ||
|---|---|---|---|
| 008 | 210210b1977 xxu||||| |||| 00| 0 eng d | ||
| 082 | _a510.02 DHAQ | ||
| 100 | _aDHARMADHIKARI (S K) & PODDAR (R S). | ||
| 245 | _aQuestion bank in mathematics. V2 | ||
| 260 |
_aBombay _bJeevandeep prakashan _c1977 |
||
| 300 | _a135 | ||
| 650 | _aAlgebra question bank Calculus question bank | ||
| 690 | _aMathematics | ||
| 906 | _aSG01834 | ||
| 999 |
_c113113 _d113113 |
||